| 000 | 00787nam a2200253 i 4500 | ||
|---|---|---|---|
| 001 | 36315 | ||
| 003 | ES-MaACL | ||
| 005 | 20250824065253.0 | ||
| 007 | t| | ||
| 008 | 030217s1968 sp ||||1| spa d | ||
| 100 | 1 |
_aBrossa, Joan. _931934 |
|
| 245 | 1 | 0 |
_aTeatro / _cJoan Brossa ; versión castellana de P. Gimferrer. |
| 260 |
_aMadrid : _bCuadernos para el Diálogo, _c1968. |
||
| 300 |
_a80 p. ; _c18 cm. |
||
| 490 | 1 |
_aLibros de teatro ; _v8 |
|
| 505 | 0 | _aOro y sal ; El gancho ; Novela | |
| 700 | 0 |
_aGimferrer, Pere, _d1945- _957102 |
|
| 710 | 2 |
_aCuadernos para el Diálogo. _93333 |
|
| 740 | 0 | 2 | _aOro y sal. |
| 740 | 3 | 2 | _aEl gancho. |
| 830 | 1 | 0 |
_aLibros de teatro (Cuadernos para el Diálogo) _v8 _9180757 |
| 852 |
_aES-MaACL _jC-35327 |
||
| 999 |
_c36315 _d36315 |
||